U.S. Geography by Letter - C - Statistics

General Stats
  • This quiz has been taken 766 times
  • The average score is 15 of 20
Answer Stats
Hint Answer % Correct
"Golden State" California
100%
O'Hare is its main airport Chicago
96%
New England state Connecticut
96%
Grand Canyon lies in this river Colorado
94%
Iowa is the #1 producer of this crop Corn
91%
About 1 million Floridians were born in this country Cuba
87%
Capital of Nevada Carson City
84%
Sea U.S. Virgin Islands border Caribbean Sea
83%
Either the capital of West Virginia or South Carolina's biggest city Charleston
83%
Ohio city on Lake Erie Cleveland
83%
North Carolina's most populous city Charlotte
81%
Most populous Indian tribe Cherokee
78%
Ocean bay of Virginia and Maryland Chesapeake
77%
French ethnic group of Louisiana Cajuns
70%
Texas has 254 of these, while Delaware has only 3 Counties
70%
Washington's longest river Columbia
65%
Range of Mount Rainier Cascades
60%
State bird of 7 states Cardinal
47%
Lake located between Vermont and New York Champlain
44%
Pointy landmark of Nebraska {Chimney} Rock
32%
No matching quizzes found
Score Distribution
Percent of People with Each Score
Percentile by Number Answered
Your Score History
You have not taken this quiz